История России #5: Монгольское иго - Statistics

General Stats
  • This quiz has been taken 62 times
    20 since last reset
  • The average score is 23 of 45
Answer Stats
Вопрос Ответ % Correct
Ледовое побоище 1242
92%
Монгольские сборщики дани Баскаки
85%
Невская битва 1240
85%
Антиордынское восстание в Твери 1327
85%
Первый московский князь Даниил Александрович
Московский
85%
Город, в котором располагалась резиденция митрополита после его ухода из Киева Владимир
69%
Причина смерти Симеона Гордого Чума
69%
Московское княжение Ивана Калиты 1325-1340
69%
Правление Симеона Гордого в Москве 1340-1353
69%
Правление Ивана II Красного в Москве 1353-1359
69%
Дань, выплачиваемая монголам Выход
62%
Литовский князь, впервые присоединивший
западнорусские земли
Гедимин
62%
Баскак, убитый в ходе антиордынского восстания в Твери Щелкан
62%
Поездка Ярослава Всеволодовича
за ярлыком
1243
54%
Антиордынское восстание во Владимире,
ставшее причиной первой рати, пришедшей на Русь после походов Батыя
1252
54%
Присоединение Коломны к Москве 1301
54%
Присоединение Можайска к Москве 1303
54%
Первая рать, пришедшая на Русь со времен походов Батыя Неврюеварать
54%
Тверской князь, поддержавший восстание в Твери Александр Михайлович
54%
Тверской князь, противник ЮрияДаниловича Михаил Ярославович
Тверской
54%
Жена Юрия Даниловича Кончака
46%
Ордынский хан, брат жены Юрия Даниловича Узбек
46%
Долгий период мира с монголами в 1-й половине XIV века Великая Тишина
46%
Правление Ярослава Всеволодовича
во Владимире
1238-1246
46%
Великое княжение АлександраЯрославича во Владимире 1252-1263
46%
Бурундаева рать 1258
46%
Раковорская битва 1268
46%
Дюденева рать 1293
46%
Князь, убивший Юрия Даниловича в Орде Дмитрий Михайлович
Грозные Очи
46%
Псковский князь, участвовавший в
Раковорской битве
Довмонт
38%
Ордынский хан в 1291-1312 годах,организатор Дюденевой рати Тохта
38%
Рать, подавившая восстание в Твери Федорчукова рать
38%
Собор, построенный Иваном Калитой в Москве для митрополита Петра Успенский собор
38%
Антиордынское восстание воВладимире, вынудившее Александра Невского поехать в Сарай 1262
38%
Присоединение Переяслаявль-Залесккого княжества к Москве 1302
38%
Московское княжение Юрия Даниловича 1303-1325
38%
Ореховецкий мир 1323
38%
Город, где умер Ярослав Всеволодович Каракорум
31%
Митрополит, окончательно перенесший
кафедру в Москву
Феогност
31%
Бортневская битва 1317
31%
Перепись населения монголами Число
23%
Великое княжение АндреяЯрославича во Владимире 1246-1252
23%
Городецкий князь, боровшийся за власть после смерти Александра Невского Андрей Городецкий
23%
Переяславль-Залесский князь, боровшийся за власть после смерти Александра Невского Дмитрий Переяславль-
Залесский
23%
Первый хан независимой Золотой Орды Берке
8%
No matching quizzes found
Score Distribution
Percent of People with Each Score
Percentile by Number Answered
Your Score History
You have not taken this quiz since the last reset